00568 a2200157 4500010001400000020001100014035001300025037001800038082000800056100002200064245011200086260004400198270012200242300002600364700002000390 aENG-85668 c110.00 aEN-69201 bD.B.Act / Pub14a5101 aPrabhakara, R. V.1 aCollege mathematich-Vbfor fifth semester, B.Sc. Banglore Universtycby R. V. Prabhakara and H. K. Nagaraja aMumbaibHimalaya Publishing Housec2006 a"Ramdoot", Dr. Bhalerao Marg, GirgaonbMumbaie400 004k022-23860170, 022-23863863l022-23877178mhimpub@vsnl.net.in a288 p.c22 cm ( Pbk.)1 aNagaraja, H. K.